000 00976nam a22002057a 4500
008 100623t xxu||||| |||| 00| 0 eng d
020 _a9770167517
082 _222
_a320.54095694
_bي س ي
100 _98302
_aيسين , السيد.
245 _aتشريح العقل الإسرائيلى /
_cالسيد يسين
260 _aالقاهرة :
_bالهيئة المصرية العامة للكتاب ،2000
_c2000.
300 _a283 ص ؛
_c24سم
490 _914508
_aمكتبة الأسرة.الأعمال الفكرية
541 _aد. باسم ؛
650 _915086
_aالنزاع العربى الإسرائيلى
650 _913307
_aالصهيونية
651 _915085
_aإسرائيل
_xتاريخ
_yالعصر الحديث
942 _2ddc
_cBB
999 _c14172
_d14172